000 00711nam a2200205Ia 4500
008 130821s2011 ck gr mul
020 _a978 958 9480 41 0
040 _aCo-BoUCM
_bspa
041 0 0 _amul
100 _aÁlvaro Molina Mallarino
_9169624
245 0 0 _aFilo = abecedario
_bproblemática educativa crítica filosófica
_cÁlvaro Molina Mallarino
260 _aBogotá (Colombia)
_bGimnasio moderno
_c2011
300 _a[1 volumen]
650 _aCrisis educativa
_zColombia
_912163
650 _aEducación
_913779
650 _aFilosofía de la educación
_915758
650 _aFilósofos colombianos
_915864
942 _cLIBRO
_a1
_e1
_mM722f
_2DEWEY
_h370.1
999 _c76975
_d76975